书目信息 |
| 题名: |
中国经济转型与发展的问题研究
|
|
| 作者: | 陈迪平, 著 | |
| 分册: | ||
| 出版信息: | 北京 经济科学出版社 2015.08 |
|
| 页数: | 271页 | |
| 开本: | 24cm | |
| 丛书名: | ||
| 单 册: | ||
| 中图分类: | F121 | |
| 科图分类: | ||
| 主题词: | 经济体制改革--jing ji ti zhi gai ge--研究--中国 , 经济发展--jing ji fa zhan--研究--中国 | |
| 电子资源: | ||
| ISBN: | 978-7-5141-5811-3 | |
| 000 | 01053nam0 2200277 450 | |
| 001 | 0100195310 | |
| 005 | 20201116160217.50 | |
| 010 | @a978-7-5141-5811-3@dCNY45.00 | |
| 100 | @a20151015d2015 em y0chiy50 ea | |
| 101 | 0 | @achi |
| 102 | @aCN@b110000 | |
| 105 | @ak a 000yy | |
| 106 | @ar | |
| 200 | 1 | @a中国经济转型与发展的问题研究@Azhong guo jing ji zhuan xing yu fa zhan de wen ti yan jiu@f陈迪平著@Fchen di ping zhu |
| 210 | @a北京@c经济科学出版社@d2015.08 | |
| 215 | @a271页@d24cm | |
| 320 | @a有书目 | |
| 330 | @a全书分五大部分, 第一部分: 中国经济的调整与转型问题 ; 第二部分: 中国经济的二元经济结构转换问题 ; 第三部分: 中国居民收入分配问题 ; 第四部分: 中国人力资本不足与增长问题 ; 第五部分: 中国区域经济发展问题。 | |
| 540 | @a中国经济转型与发展的问题研究 | |
| 606 | 0 | @a经济体制改革@Ajing ji ti zhi gai ge@x研究@y中国 |
| 606 | 0 | @a经济发展@Ajing ji fa zhan@x研究@y中国 |
| 690 | @aF121@v5 | |
| 701 | 0 | @a陈迪平,@Achen di ping@f1954-@4著 |
| 801 | @aCN | |
| 901 | @a18 | |
| 905 | @eC394@dF121@a河南城建学院图书馆@b1275328-30@f3 | |
| 中国经济转型与发展的问题研究/陈迪平著.-北京:经济科学出版社,2015.08 |
| 271页;24cm |
| ISBN 978-7-5141-5811-3:CNY45.00 |
| 全书分五大部分, 第一部分: 中国经济的调整与转型问题 ; 第二部分: 中国经济的二元经济结构转换问题 ; 第三部分: 中国居民收入分配问题 ; 第四部分: 中国人力资本不足与增长问题 ; 第五部分: 中国区域经济发展问题。 |
| ● |
| 相关链接 |
|
|
|
正题名:中国经济转型与发展的问题研究
索取号:F121/C394
 
预约/预借
| 序号 | 登录号 | 条形码 | 馆藏地/架位号 | 状态 | 备注 |
| 1 | 1275328 | 212753282 | 社科库409/409社科库 68排2列1层/ [索取号:F121/C394] | 在馆 | |
| 2 | 1275329 | 212753299 | 社科库409/409社科库 68排2列1层/ [索取号:F121/C394] | 在馆 | |
| 3 | 1275330 | 212753305 | 社科库409/409社科库 68排2列1层/ [索取号:F121/C394] | 在馆 |